000 00244nam a2200097Ia 4500
008 240331s9999 xx 000 0 und d
082 _bSEN
100 _aSenadheera,S
245 0 _aAdyapanaye sarthakawathwayata balapana iganeeme purudu
942 _cL
999 _c3264
_d3264